1952 1139 1564 1587 1457 1426 1792 1762 1046 1882 1326 1384 1966 1870 1092 1580 1540 1657 1546 1673 1548 1123 1688 1563 1494 1734 1071 1501 1934 1633 1668 1071 1933 1313 1973 1481 1084 1861 1489 1506 1868 1804 1357 1977 1675 1317 1822 1551 1116 1231 1850 1610 1317 1706 1894 1789 1451 1701 1897 1098 1286 1915 1805 1863 1329 1011 1807 1111 1091 1929 1029 1747 1310 1289 1124 1779 1804 1520 1158 1531 1476 1665 1162 1405 1595 1239 1050 1104 1433 1568 1781 1970 1039 1193 1871 1684 1266 1628 1126 BCNSPRNW ULIB Ver.6.0+V

เปลี่ยนเป็นภาษาไทย

Change to English
 แสดงรายละเอียดบรรณานุกรม
  กลับหน้าหลัก

Brief Record : Get Marc (ISO 2709) : E-mail record : QR code < ปิดหน้าต่าง
LEADER : 00000nam 2200000uu 4500
001    13399121964
003     ULIB
008    121217s2549||||th 000 0 tha d
020    ^a9749995643
060 04 ^aWM401^bพ890ก 2549
100 1  ^aอีฮเรนรีช, จอห์น เอช.
245 10 ^aการเผชิญกับภัยพิบัติ :^bคู่มือปฎิบัติการช่วยเหลือดูแลด้านจิตใจแก่ผู้ประสบภัย =^bCoping with disasters : a guidebook to psychosocial intervention /^cเขียนโดย John H. Ehrenreich ; แปลและเรียบเรียงโดย เพ็ญพักตร์ อุทิศ
246 31 ^aCoping with disasters : a guidebook to psychosocialintervention
250    ^aพิมพ์ครั้งที่ 1
260    ^aกรุงเทพ :^bโครงการส่งเสริมความผาสุกทางใจของครอบครัวผู้ประสบภัยสึนามิ,^c2549
300    ^a185 หน้า :^bภาพประกอบ ;^c22 ซม.
500    ^aแปลจาก Coping with disasters : a guidebook to PsychosocialIntervention (rev. ed., 2001)
536    ^aสนับสนุนโดย องศ์การอนามัยโลก และจุฬาลงกรณ์มหาวิทยาลัย
650  7 ^aผู้ประสบภัย^xบริการสุขภาพจิต
650  7 ^aผู้ประสบภัย^xการฟื้นฟูสมรรถภาพ
650  7 ^aภัยพิบัติ^xแง่จิตวิทยา
650  7 ^aการบรรเทาสาธารณภัย^xแง่จิตวิทยา
650  7 ^aสุขภาพจิต, การบริการ
650  7 ^aความเครียดจากเหตุการณ์วินาศภัย
700 0  ^aเพ็ญพักตร์ อุทิศ,^eผู้แปล
700 1  ^aEhrenreich, John H.
945    ^p0^l0^i24894
995    ^aทศพร
999    ^aทศพร เกษรทอง
รายการนี้ยังไม่มีแท็ก
คุณยังไม่ได้ล็อกอิน คุณสามารถมีกิจกรรมร่วมกับเว็บไซต์ได้ แต่ต้องล็อกอินก่อน ::
  ล็อกอิน

รายการสื่อสารสนเทศ

ลำดับที่ ประเภท เลขเรียก/บาร์โค้ด สถานที่ สถานะ
1. วิทยาศาสตร์การแพทย์ และสุขภาพ
วิทยาศาสตร์การแพทย์ และสุขภาพ
WM401 พ890ก 2549 ฉ.1 
  Barcode: 24894
ห้องสมุดวิทยาเขตสวรรค์ประชารักษ์
►หนังสือทั่วไป
บนชั้น

รายการใกล้เคียง
    ผู้แต่ง [อีฮเรนรีช, จอห์น เอช.]

    หัวเรื่อง [สุขภาพจิต, การบริการ]
    หัวเรื่อง [ความเครียดจากเหตุการณ์วินาศภัย]

BibComment


ยังไม่เคยถูกคอมเมนท์

คอมเมนท์ทรัพยากรรายการนี้
  คอมเมนท์: การเผชิญกับภัยพิ..


 Copyright 2026. Bcnsprnw @Library